Los señores de los cometas / (Registro nro. 8619)
[ vista simple ]
| 000 -LEADER | |
|---|---|
| fixed length control field | 00811nam a22002777a 4500 |
| 001 - CONTROL NUMBER | |
| control field | 0111 |
| 003 - CONTROL NUMBER IDENTIFIER | |
| control field | DO-SdBNP |
| 005 - DATE AND TIME OF LATEST TRANSACTION | |
| control field | 20180205130859.0 |
| 007 - PHYSICAL DESCRIPTION FIXED FIELD--GENERAL INFORMATION | |
| fixed length control field | 0111 |
| 008 - FIXED-LENGTH DATA ELEMENTS--GENERAL INFORMATION | |
| fixed length control field | 151005b1993 sp 00| 0 spa d |
| 020 ## - INTERNATIONAL STANDARD BOOK NUMBER | |
| International Standard Book Number | 8448020030 |
| 040 ## - CATALOGING SOURCE | |
| Original cataloging agency | BPMSU |
| Language of cataloging | spa |
| Transcribing agency | BPMSU |
| 100 1# - MAIN ENTRY--PERSONAL NAME | |
| Personal name | Packard, Edward |
| 240 14 - UNIFORM TITLE | |
| Uniform title | <a href="The comet masters /">The comet masters /</a> |
| Language of a work | eng |
| 245 14 - TITLE STATEMENT | |
| Title | Los señores de los cometas / |
| Statement of responsibility, etc. | Edward Packard ; ilustraciones Dave Cockrum ; traducción Elena Moreno gutiérrez |
| 260 ## - PUBLICATION, DISTRIBUTION, ETC. (IMPRINT) | |
| Place of publication, distribution, etc. | Barcelona : |
| Name of publisher, distributor, etc. | Timun mas, |
| Date of publication, distribution, etc. | 1993. |
| 300 ## - PHYSICAL DESCRIPTION | |
| Extent | 113 p. : |
| Other physical details | il. ; |
| Dimensions | 18 cm. |
| 490 1# - SERIES STATEMENT | |
| Series statement | Halcones del espacio |
| Volume/sequential designation | 4 |
| 700 12 - ADDED ENTRY--PERSONAL NAME | |
| Personal name | Moreno Gutiérrez, Elena |
| Relator term | trad. |
| 700 12 - ADDED ENTRY--PERSONAL NAME | |
| Personal name | Cockrum, Dave, |
| Relator term | il. |
| 830 #0 - SERIES ADDED ENTRY--UNIFORM TITLE | |
| Uniform title | Halcones del espacio |
| Number of part/section of a work | 4 |
| 910 ## - USER-OPTION DATA (OCLC) | |
| User-option data | 202 |
| 942 ## - ADDED ENTRY ELEMENTS (KOHA) | |
| Source of classification or shelving scheme | Dewey Decimal Classification |
| Koha item type | Libros |
| 945 ## - LOCAL PROCESSING INFORMATION (OCLC) | |
| a | Inventariado, 2018 /LP |
| 956 ## - LOCAL ELECTRONIC LOCATION AND ACCESS (OCLC) | |
| Host name | Yngrid Lockward |
| Access number | 10 |
| Withdrawn status | Lost status | Source of classification or shelving scheme | Damaged status | Not for loan | Collection code | Home library | Current library | Date acquired | Source of acquisition | Total Checkouts | Barcode | Date last seen | Price effective from | Koha item type | Copy number |
|---|---|---|---|---|---|---|---|---|---|---|---|---|---|---|---|
| Dewey Decimal Classification | Colección General | Biblioteca Pública Metropolitana Salomé Ureña | Biblioteca Pública Metropolitana Salomé Ureña | 11/10/2015 | FUNDI | BPMSU15110156 | 11/10/2015 | 11/10/2015 | Libros | ||||||
| Dewey Decimal Classification | Colección General | Biblioteca Pública Metropolitana Salomé Ureña | Biblioteca Pública Metropolitana Salomé Ureña | 11/10/2015 | Inventariado, 2018 /LP | BPMSU15110157 | 11/10/2015 | 11/10/2015 | Libros | ej. 2 |